[Event "Klatovy op-B 22nd"]
[Site "Klatovy"]
[Date "2016.07.06"]
[Round "5"]
[White "Rimovsky, Pavel"]
[Black "Kresl, Filip"]
[Result "1-0"]
[WhiteElo "1593"]
[BlackElo "1365"]
[PlyCount "55"]
[EventDate "2016.07.02"]
[EventType "swiss"]
[EventRounds "9"]
[EventCountry "CZE"]
[SourceTitle "EXT 2019"]
[Source "ChessBase"]
[SourceDate "2018.10.10"]
[SourceVersion "1"]
[SourceVersionDate "2018.10.10"]
[SourceQuality "1"]

1. d4 d5 2. Bf4 Nf6 3. g3 e6 4. Bg2 Nbd7 5. Nd2 c5 6. c3 b6 7. e4 Nb8 8. e5 Nfd7 9. Ne2 Nc6 10. a3 a5 11. Be3 Ba6 12. f4 Be7 13. Nf3 0-0 14. 0-0 Rb8 15. h4 b5 16. Rf2 a4 17. Nd2 Qc7 18. h5 Rb7 19. f5 Nd8 20. g4 Nb6 21. f6 gxf6 22. exf6 Bd6 23. Bh6 Re8 24. Nf3 Bf8 25. Qd2 Kh8 26. Qg5 Bxh6 27. Qxh6 Rg8 28. Ng5 1-0

[Event "Klatovy op-B 22nd"]
[Site "Klatovy"]
[Date "2016.07.04"]
[Round "3"]
[White "Svec, Vitezslav"]
[Black "Kresl, Filip"]
[Result "1-0"]
[WhiteElo "1687"]
[BlackElo "1365"]
[PlyCount "73"]
[EventDate "2016.07.02"]
[EventType "swiss"]
[EventRounds "9"]
[EventCountry "CZE"]
[SourceTitle "EXT 2019"]
[Source "ChessBase"]
[SourceDate "2018.10.10"]
[SourceVersion "1"]
[SourceVersionDate "2018.10.10"]
[SourceQuality "1"]

1. d4 d5 2. Bf4 Nf6 3. e3 c5 4. c3 Qb6 5. Qb3 Nc6 6. Nf3 c4 7. Qxb6 axb6 8. Be2 b5 9. Na3 Rxa3 10. bxa3 Bf5 11. 0-0 Ne4 12. Rfc1 f6 13. h3 g5 14. Bh2 Kd7 15. Ne1 e6 16. f3 Nd6 17. Bd1 Bg6 18. Bc2 Bf7 19. Rab1 Na7 20. a4 Kc6 21. Bxd6 Bxd6 22. axb5+ Kb6 23. a4 Ra8 24. Ra1 Ka5 25. Rcb1 b6 26. e4 Bg6 27. exd5 exd5 28. Bxg6 hxg6 29. Nc2 Bf4 30. Nb4 Rd8 31. Ra3 Bd2 32. Kf2 Bf4 33. g3 Bd6 34. Ra2 Bc7 35. Re1 Rd7 36. Re6 Bd8 37. Rc6 1-0